| 000 | 00479nam a2200157 i 4500 | ||
|---|---|---|---|
| 001 | 65197 | ||
| 003 | ES-MaACL | ||
| 005 | 20230906165322.0 | ||
| 007 | t| | ||
| 008 | 040109s1956 sp ||||1| spa d | ||
| 100 | 1 |
_aFrauca Llamas, Domingo. _952392 |
|
| 245 | 1 | 3 |
_aLa representación sucesoria en el derecho navarro / _cDomingo Frauca Llamas. |
| 260 |
_aZaragoza : _b[s.n., _c1956] ( _fLa editorial) |
||
| 300 |
_a161 p. : _bil. ; _c21 cm. |
||
| 852 |
_aES-MaACL _jC-11506 _bR.39391 |
||
| 999 |
_c65197 _d65197 |
||